|
|
|
|
| LEADER |
01451nam a22003615i 4500 |
| 001 |
39398 |
| 003 |
BD-DhAAL |
| 008 |
220817t2022 nyu 000 0 eng d |
| 999 |
|
|
|c 44461
|d 44461
|
| 010 |
|
|
|a 2022938037
|
| 020 |
|
|
|a 9780198860112
|
| 020 |
|
|
|z 9780191892462
|
| 020 |
|
|
|z 9780192603951
|
| 020 |
|
|
|z 9780192603944
|
| 040 |
|
|
|a DLC
|b eng
|e rda
|c DLC
|d BD-DhAAL
|
| 042 |
|
|
|a pcc
|
| 082 |
|
|
|a 341.48
|
| 245 |
0 |
0 |
|a International human rights law /
|c edited by Daniel Moeckli, Sangeeta Shah, Sandesh Sivakumaran.
|
| 250 |
|
|
|a Fourth edition
|
| 263 |
|
|
|a 2206
|
| 264 |
|
1 |
|a New York :
|b Oxford University Press,
|c 2022.
|
| 300 |
|
|
|a lxix, 710 pages ;
|c 25 cm.
|
| 526 |
|
|
|a SOL
|
| 541 |
|
|
|a Trim Education
|e 39398, 39399
|
| 650 |
|
|
|a Human rights.
|9 50907
|
| 650 |
|
|
|a Law.
|9 50908
|
| 700 |
1 |
|
|a Moeckli, Daniel,
|e editor.
|9 50909
|
| 700 |
1 |
|
|a Shah, Sangeeta,
|e editor.
|9 50910
|
| 700 |
1 |
|
|a Sivakumaran, Sandesh,
|e editor.
|9 50911
|
| 852 |
|
|
|a Ayesha Abed Library
|c General Stacks
|
| 942 |
|
|
|2 ddc
|c BK
|
| 952 |
|
|
|0 0
|1 0
|2 ddc
|4 0
|6 341_480000000000000_INT
|7 0
|9 71662
|a BRACUL
|b BRACUL
|c GEN
|d 2022-08-16
|e Trim Education
|g 4200.00
|l 1
|m 12
|o 341.48 INT
|p 3010039398
|r 2025-05-19
|s 2025-02-17
|t 1
|v 4200.00
|w 2022-08-16
|y BK
|x Funded by UNHCR
|
| 952 |
|
|
|0 0
|1 0
|2 ddc
|4 0
|6 341_480000000000000_INT
|7 0
|9 71663
|a BRACUL
|b BRACUL
|c GEN
|d 2022-08-16
|e Trim Education
|g 4200.00
|l 4
|m 28
|o 341.48 INT
|p 3010039399
|r 2026-02-01
|s 2025-10-05
|t 2
|v 4200.00
|w 2022-08-16
|y BK
|x Funded by UNHCR
|